| 000 | 01428nam a2200241 i 4500 | ||
|---|---|---|---|
| 001 | 29064 | ||
| 003 | ES-MaACL | ||
| 005 | 20251012201943.0 | ||
| 007 | t| | ||
| 008 | 030121m19701971sp bd |||| | spa d | ||
| 080 | _a338(460.235 Vallés.)"19" | ||
| 245 | 0 | 0 |
_aDinámica y perspectiva del Vallés _b: 1969 / _c[estudio promovido por la Caja de Ahorros de Sabadell ; director, Lluís Barbé i Durán]. |
| 246 | 3 | 4 |
_iTít. de cub. del v. 13 _aLa enseñanza |
| 260 |
_a[Sabadell : _bCaja de Ahorros de Sabadell, _c1970-71] |
||
| 300 |
_a13 v. : _bgráf., mapas ; _c30 cm. |
||
| 505 | 8 |
_aContiene: 0 ; _tMetodología - 2 ; _tSabadell y su zona de influencia - 3 ; _tTerrassa y su zona de influencia - 4 ; _tGranollers y su zona de influencia - 5 ; _tLa zona del Moianès, Caldes de Montbui y su zona de influencia - 6 ; _tLa zona del Congost y La Garriga y su zona de influencia - 8 ; _tSant Celoni y su zona de influencia - 9 ; _tLa agricultura - 10 ; _tLa industrialización - 11 ; _tServicios y vivienda - 12 ; _tSanidad - 13 ; _tEducación. Estructuras, actitudes y formación profesional - 14 ; _tEl factor humano |
|
| 597 | _aH. imp. por una sola cara. | ||
| 651 | 4 |
_aVallès (Barcelona, Comarca)- _xSituación económica. _9160689 |
|
| 700 | 1 |
_aBarbé i Durán, Lluís, _d1939- _9162057 |
|
| 710 | 2 |
_aCaja de Ahorros de Sabadell. _92291 |
|
| 852 |
_aES-MaACL _jL-31269-81 _q- Faltan: v. 1 y 7 |
||
| 999 |
_c29064 _d29064 |
||